[Event "EU-ch 6th"]
[Site "Warsaw"]
[Date "2005.06.30"]
[Round "12"]
[White "Abergel, Thal"]
[Black "Kritz, Leonid"]
[Result "0-1"]
[WhiteElo "2456"]
[BlackElo "2549"]
[Annotator "Kritz,L"]
[PlyCount "70"]
[EventDate "2005.06.18"]
[EventType "swiss"]
[EventRounds "13"]
[EventCountry "POL"]
[SourceTitle "CBM 108"]
[Source "ChessBase"]
[SourceDate "2005.09.26"]
[SourceVersion "1"]
[SourceVersionDate "2005.09.26"]
[SourceQuality "1"]

1. e4 c5 2. Nf3 Nc6 3. Nc3 g6 4. Bb5 Bg7 5. O-O e5 6. Bxc6 dxc6 (6... bxc6 7.
d3 Ne7 8. Be3 d6 9. Nd2 O-O 10. f4 exf4 11. Bxf4 $14) 7. d3 Qe7 (7... f6 $5 {
ist eine interessante Idee.} 8. Be3 Qe7 9. Qd2 h5 {Schwarz will den Springer
über h6 nach f7 entwickeln, schafft es aber nicht, denn das Spiel von Weiß auf
dem Damenflügel kommt sehr schnell:} 10. Na4 b6 11. a3 Nh6 12. b4 cxb4 13. axb4
Rb8 14. Nb2 Nf7 15. Ra3 $14) 8. Be3 Nf6 9. h3 Nd7 10. Qd2 h6 11. Nh2 b6 12. a3
Nf8 13. f4 exf4 14. Rxf4 {Alles das ist Theorie. Diese Stellung entstand schon
mehrmals in der Praxis der Großmeister.} Be6 $5 {Eine eher seltene Idee.
Normalerweise überführt Schwarz den Springer auf d4 und spielt erst dann Be6.}
(14... Ne6 15. Rf2 Nd4 16. Raf1 Be6 17. Ng4 Bxg4 (17... h5 18. Nf6+ Bxf6 19.
Rxf6 O-O-O 20. Bg5 $14) 18. Rxf7 $1 (18. hxg4 f6 $1 $13 {/\0-0-0 und dann h5})
18... Qxf7 19. Rxf7 Kxf7 20. hxg4 $14 {Weiß hat ein gutes Spiel wegen dem
schwachen schwarzen König.}) 15. Rff1 Nd7 16. a4 {(=)} a5 17. b3 {Weiß hat
sich ziemlich planlos aufgestellt. Die Stellung ist im Prinzip völlig
ausgeglichen, gewinnen kann man hier nur, wenn man eine zweischneidige Affäre
startet.} O-O-O 18. Rae1 Kb7 19. Nb1 Ne5 20. Nf3 {Jetzt ist es höchste Zeit,
um etwas Aktives loszulassen, denn sollte Schwarz weiter warten, so tauschen
sich die Figuren ab und Weiß wird womöglich doch noch in Vorteil kommen.} g5 $1
(20... Nxf3+ 21. Rxf3 $11) 21. Na3 g4 22. Nxe5 (22. hxg4 Nxg4 23. Bf4 h5 $40)
22... Bxe5 23. hxg4 Rdg8 (23... Bxg4 {führt zwar zum Remis, aber das war nicht
mein Ziel in dieser Partie gewesen.} 24. Bf4 Bd4+ 25. Be3 Be5 $11) 24. Nc4 Bxc4
(24... Bc7 25. Bf4 $1 (25. e5 Rxg4 26. Bf4 Rhg8 27. Rf2 $13) 25... Bxf4 26.
Qxf4 Rxg4 27. Qe5 $14) 25. bxc4 Rxg4 {Die Partie befindet sich zwar immernoch
im Remisbereich, aber jetzt verliert Weiß den Pfaden und fängt an, ungenaue
Züge zu machen.} 26. Rf5 $6 (26. Bf4 $1 Bd4+ (26... Rhg8 27. Bxe5 Rxg2+ (27...
Qxe5 28. Rxf7+ Ka6 29. Re2 $14) 28. Qxg2 Rxg2+ 29. Kxg2 Qxe5 30. Rxf7+ Ka6 31.
Rf5 $14) 27. Be3 Rhg8 (27... Be5 $11) 28. Bxd4 Rxg2+ (28... cxd4 29. Re2 $11)
29. Qxg2 Rxg2+ 30. Kxg2 cxd4 31. Rf5 $11) 26... Rhg8 27. Re2 Rh4 28. Ref2 (28.
Bf4 Bd4+ 29. Be3 Qd6 30. Rxf7+ Ka6 31. Bxd4 Qh2+ 32. Kf1 cxd4 $44) 28... f6 29.
Bf4 $2 {Weiß spielt Bf4 gerade dann, wenn es nicht mehr geht.} Bd4 30. Be3 Qd6
$1 $17 31. Bxd4 Qh2+ 32. Kf1 cxd4 33. Qd1 $2 (33. Rxf6 Qh1+ 34. Ke2 Rxg2 $17)
33... Rhg4 $19 34. Rxf6 Rxg2 35. Rf7+ Ka6 0-1

[Event "Elista FIDE GP"]
[Site "Elista"]
[Date "2008.12.26"]
[Round "11"]
[White "Alekseev, Evgeny V"]
[Black "Mamedyarov, Shakhriyar"]
[Result "1/2-1/2"]
[WhiteElo "2715"]
[BlackElo "2731"]
[Annotator "Kritz,L"]
[PlyCount "82"]
[EventDate "2008.12.14"]
[EventType "tourn"]
[EventRounds "13"]
[EventCountry "RUS"]
[EventCategory "19"]
[SourceTitle "CBM 128"]
[Source "ChessBase"]
[SourceDate "2009.01.28"]
[SourceVersion "1"]
[SourceVersionDate "2009.01.28"]
[SourceQuality "1"]

1. e4 c5 2. Nf3 Nc6 3. Bb5 {Wenn man sich nicht mit der weltumfassenden
Theorie der Sveschnikov-Variante auseinandersetzen will, ist diese Fortsetzung
eine sehr gut spielbare Alternative.} (3. d4 {ist natürlich der Hauptzug und
ist auch stärker, doch die Menge der Theorie ist wirklich abschreckend.} cxd4
4. Nxd4 Nf6 5. Nc3 e5 6. Ndb5 d6 7. Bg5 a6 8. Na3 b5 {wonach Weiß zwei
Möglichkeiten hat, 9.Nd5 und 9.Bxf6, wobei beide zu unklaren Stellungen und 40
Züge langen Varianten führen.}) 3... g6 {Traditionell wird dieser Zug immer
noch öfters gespielt, obwohl mir scheint, dass 3...e6 aus schwarzer Sicht
attraktiver ist.} (3... e6 4. Bxc6 {Die prinzipiellste Fortsetzung.} (4. O-O
Nge7 5. Re1 a6 6. Bxc6 Nxc6 7. d4 cxd4 8. Nxd4 Qc7 $132) 4... bxc6 5. d3 Ne7 6.
Qe2 Qc7 $132 {Die entstehenden Varianten sind strategischer Natur und führen
zu interessanten Stellungen. Das Ergebnis des Eröffnungsduells wird davon
abhängen, ob Schwarz es schaft, das Problem des Läufers c8 zu lösen.}) 4. Bxc6
dxc6 (4... bxc6 $5 {Will Schwarz auf einen Konter spielen, ist ihm kaum etwas
Besseres zu empfehlen. Es gibt keine lange Theorie, keine forcierten Varianten,
die Stellung ist zwar etwas schlechter, doch muss Weiß sehr aufpassen, um
nicht in eine der vielen Fallen hineinzulaufen.} 5. O-O Bg7 6. Re1 Nh6 (6...
Nf6 $2 7. e5 Nd5 8. c4 Nc7 9. d4 cxd4 10. Qxd4 Ne6 11. Qh4 $16 {/\Bh6-Nc3-Rad1.
}) 7. c3 f6 8. d4 cxd4 9. cxd4 O-O 10. b3 Nf7 11. Nbd2 d6 12. Bb2 Ba6 13. Rc1
$14 {Morozevich - Kasimdzhanov (Wijk aan Zee, 2002). Wie gesagt, Weiß steht
etwas besser, aber die schwarze Stellung ist sehr lebensfähig.}) 5. d3 Bg7 (
5... Bg4 {Schwarz spielt diesen Zug kaum, denn seine Stellung danach ist viel
zu passiv.} 6. Nbd2 $1 {Das ist die richtige Ausführung des Abtausches - der
Springer muss auf f3 stehen, um den Vorstoß d4 zu unterstützen.} Bg7 7. h3 Bxf3
8. Nxf3 Nf6 9. O-O O-O 10. Qe2 Ne8 11. Be3 b6 12. c3 e5 13. Rfd1 Qe7 14. Rac1
Nc7 15. b4 $1 $14 {McShane - Schmittdiel (Bremen, 2003)}) 6. h3 (6. Nc3 Bg4 $1
{Es ist wichtig für Schwarz, diesen Läufer zu tauschen. Besonders, weil Weiß
nun mit der Dame nehmen muss, und Schwarz das Feld d4 unter Kontrolle hat.} 7.
h3 Bxf3 8. Qxf3 Nf6 9. O-O Nd7 $11) 6... b6 $5 (6... Nf6 7. Nc3 Nd7 8. Be3 e5
9. Qd2 h6 {galt lange Zeit als gut für Schwarz, bis dann praktisch eine
Widerlegung der gesamten Aufbaus gefunden wurde.} (9... Qe7 10. Bh6 f6 11. Bxg7
Qxg7 12. a3 Nf8 13. b4 Ne6 14. O-O O-O 15. Ne2 a5 16. bxc5 Nxc5 17. Qc3 Qe7 18.
a4 Be6 19. Rfb1 $14 {Carlsen - Djukic (Crete, 2007)}) 10. O-O Qe7 11. Nh2 Nf8
12. f4 exf4 13. Bxf4 $1 {Das war die Neuerung, die den Aufbau mit 9...h6
getötet hat. Davor hatte Weiß es nur mit dem Turm versucht.} (13. Rxf4 Be6 $1 (
13... Ne6 14. Rf2 Nd4 15. Raf1 Be6 16. Ng4 O-O-O (16... Bxg4 17. Rxf7 Qxf7 18.
Rxf7 Kxf7 19. hxg4 $16) 17. Nxh6 f6 18. Nd1 Rh7 19. c3 $16 {Svidler - Leko 
(Dortmund, 2005)}) 14. Rf2 Nd7 15. Raf1 Ne5 $132 {Schwarz hat eine Art Festung
aufgebaut.}) 13... Ne6 14. Bg3 $1 {Die Idee des Weißen ist es, mittels e5-Ne4
den Punkt f6 ins Visier zu nehmen.} Qg5 15. Qe1 Nd4 16. Qf2 O-O 17. Bd6 Bxh3
18. Bf4 Qxg2+ 19. Qxg2 Bxg2 20. Kxg2 Nxc2 21. Rad1 Rad8 22. Rd2 Nd4 23. e5 $16
{Leko - Van Wely (Dortmund, 2005)}) 7. O-O (7. Nc3 {Grundsätzlich steht der
Springer auf c3 in dieser Variante nicht ideal.} Nh6 8. Be3 f6 9. Qd2 Nf7 10.
Nh2 (10. a3 a5 $132) 10... e5 11. f4 exf4 12. Bxf4 f5 13. exf5 Bxf5 14. O-O O-O
$11 {Spraggett - Sturua (Istanbul, 2000)}) 7... e5 8. Nbd2 Nh6 9. Nc4 f6 10.
Be3 Be6 11. a3 {Ich bin nicht sicher, ob der Kollektivabtausch zugunsten von
Weiß ist. Ich würde zuerst als Prophylaxe 11.b3 spielen.} (11. b3 $5 O-O (11...
Bxc4 12. bxc4 $1 Nf7 13. a4 a5 14. Rb1 $14 {Später kommt Weiß mit f4.}) 12. a3
$14 {Dass man ein Tempo verloren hat, ist nicht so schlimm, dafür hat man
keine Angst von einem remislichen Endspiel.}) 11... Nf7 (11... Bxc4 $5 12. dxc4
Qxd1 13. Rfxd1 Nf7 14. b4 cxb4 15. axb4 Ke7 16. Ra6 Nd6 17. Rda1 Nc8 $13 {
Weiß hat das Maximum erreicht, jetzt kommt die ewige Frage "Was nun?". Ich
denke Schwarz kann sich halten.}) 12. b4 cxb4 13. axb4 f5 $5 {Es ist
offensichtlich, dass Schwarz Weiß Matt setzen will.} (13... Bxc4 {kam wieder
in Frage - im Sinne des Ausgleichs.}) 14. Qe2 (14. exf5 gxf5 (14... Bxc4 $2 15.
dxc4 e4 16. fxg6 hxg6 17. Nd4 $18) 15. Ra3 O-O $132 {Mit dem beweglichen
Zentrum sind schwarzen Chancen auf Gegenspiel besser.}) 14... f4 (14... fxe4
15. dxe4 O-O 16. Rfd1 Qc7 17. Ng5 $1 {Der Verteidiger des Feldes d6 muss
getauscht werden.} Nxg5 18. Bxg5 $14) (14... Bxc4 15. dxc4 fxe4 16. Nd2 $16)
15. Bc1 g5 16. Bb2 Bxc4 {Üblicherweise ist es kein gutes Zeichen, wenn Schwarz
diesen Läufer geben muss, aber der Druck gegen den e5-Bauern wurde sehr
unangenehm.} (16... Qc7 17. d4 exd4 18. Bxd4 $16 {Der weiße Vorteil basiert
fast immer auf der geschwächten Bauernstruktur des Schwarzen.}) (16... g4 17.
Nfxe5 (17. hxg4 Bxg4 $13 {Die Fesselung ist ziemlich unangenehm.}) 17... f3 (
17... gxh3 18. Nxf7 Kxf7 19. Qh5+ Kf8 20. Bxg7+ Kxg7 21. gxh3 $18) 18. gxf3
gxh3 19. f4 $16) 17. dxc4 h5 $1 {Die einzige Chance von Schwarz ist nun der
Königsangriff, denn strategisch ist die Stellung absolut verloren.} 18. Ne1 Qc8
19. c5 (19. Nd3 $6 g4 $1 20. hxg4 hxg4 21. Nxf4 Rh7 22. Nd3 Qe6 $44) 19... bxc5
(19... b5 20. c4 a6 21. cxb5 axb5 22. Nd3 $16) 20. bxc5 g4 $1 {Trotzdem fast
alle schwarzen Figuren passiv stehen kann der Bauersturm sehr gefährlich
werden.} 21. h4 Qe6 {Es ist gut, das Feld c4 unter Kontrolle zu nehmen.} 22.
Ra4 {Weiß will nach Qc4 die Damen tauschen.} O-O (22... Qe7 23. Qc4 O-O (23...
Qxh4 24. Qe6+ Kf8 25. Qxc6 Qd8 26. Qd5 Rh6 27. Nd3 $16) 24. g3 {->22....0-0})
23. Qc4 Qe7 {Der Damentausch ist nicht gut - die restlichen schwarzen Figuren
sind zu passiv.} (23... Qxc4 24. Rxc4 Rfb8 25. Nd3 a5 26. Ra1 g3 27. f3 $1 {
Es ist wichtig, dass der f4-Bauer auf dem Brett bleibt!} (27. fxg3 fxg3 28.
Rca4 Rb5 29. Bc3 Bf6 $11) 27... Bf6 28. Bc3 Rb5 29. Nxf4 $1 Bxh4 30. Nd3 Bf6
31. Rca4 $16) 24. g3 Kh7 25. Nd3 Nh8 26. Ra6 (26. Raa1 Ng6 27. Kg2 f3+ 28. Kg1
Nxh4 29. Ra6 Ng6 30. Rxc6 $132 {Die Stellung bleibt weiterhin unklar - Schwarz
hat Perspektiven am Königsflügel.}) 26... fxg3 27. fxg3 Rxf1+ 28. Kxf1 Qf6+ 29.
Nf2 (29. Ke1 $2 Qf3 $15) 29... Rb8 $1 (29... Rf8 30. Qe2 $14) 30. Bc3 (30. Qc3
Qf7 $11 31. Rxc6 $4 Rf8 (31... Qb7 32. Qb3 Qxb3 33. cxb3 Rxb3 34. Nd1 Rxg3 35.
Rc7 $132) 32. Qd2 Qb7 $19) 30... Rb1+ 31. Be1 Ng6 {Man kann leicht sehen, dass
Schwarz sein Ziel erreicht hat - Weiß hat es nicht geschafft, die Schwächen am
Damenflügel auszunutzen.} 32. Qd3 Nf8 33. Rxa7 Qh6 {Die schwarzen Figuren
kommen plötzlich von allen Seiten.} (33... Ne6 34. c3 $1 Rb5 35. Qd6 $16) 34.
Ke2 Ne6 35. Bc3 Rg1 (35... Qf6 $1 $17 {Es ist nicht klar, wie Weiß hier
reagieren kann. Ich denke, Schwarz hat das Steuer übernommen.}) 36. Bxe5 Qc1
37. Nd1 Rg2+ {Jetzt gibt es nichts Besseres als das Dauerschach.} 38. Ke1 Rg1+
39. Ke2 Rg2+ 40. Ke1 Rg1+ 41. Ke2 Rg2+ 1/2-1/2

[Event "EU-chT (Men) 12th"]
[Site "Batumi"]
[Date "1999.12.02"]
[Round "4.2"]
[White "Bauer, Christian"]
[Black "Mchedlishvili, Mikheil"]
[Result "1/2-1/2"]
[WhiteElo "2480"]
[BlackElo "2441"]
[Annotator "Kundin,A"]
[PlyCount "105"]
[EventDate "1999.11.06"]
[EventType "team-swiss"]
[EventRounds "9"]
[EventCountry "GEO"]
[SourceTitle "CBM 074"]
[Source "ChessBase"]
[SourceDate "2000.02.01"]
[SourceVersion "1"]
[SourceVersionDate "2000.02.01"]
[SourceQuality "1"]
[WhiteTeam "France"]
[BlackTeam "Georgia II"]
[WhiteTeamCountry "FRA"]
[BlackTeamCountry "GEO"]

1. e4 c5 2. Nf3 Nc6 3. Bb5 g6 4. Bxc6 dxc6 5. h3 e5 6. d3 f6 7. O-O Nh6 8. c3
Nf7 9. Be3 f5 $5 $146 (9... g5 10. Qe2 h5 11. Ne1 Be6 12. a3 a5 13. Nd2 b6 14.
Nc2 Ra7 {Shirov,A-Kramnik,V/Novgorod 1994/Inf 61/[Kramnik,V]/0-1 (40)}) 10.
exf5 (10. Qc2 $6 f4 11. Bc1 g5 $36 {[%csl Gg1]}) 10... Bxf5 {Black has got a
good position out of the opening.} (10... gxf5 $5 {/\Rg8,f4} 11. Re1 Be7 $13)
11. Qb3 (11. d4 cxd4 12. cxd4 Bg7 $15 {[%cal Gg7a1]}) 11... Qb6 $1 {Black
would like to play an endgame where he can exploit his two bishops advantage.
Now it is white who has to equalize.} (11... Qd7 12. Rd1 Bxd3 $2 13. Rxd3 $1
Qxd3 14. Qxf7+ $1 $18) 12. d4 (12. Rd1 Rd8 $15) 12... exd4 $6 (12... Qxb3 $142
13. axb3 cxd4 14. cxd4 e4 $15 {[%csl Gb2,Gb3,Gd4]}) 13. Qxb6 axb6 14. cxd4 c4 (
14... Bg7 15. Nc3) 15. Nbd2 (15. Re1 $5 {Having the development advantage,
even in the endgame white could have posed considerable problems to black.}
Bxb1 $1 (15... O-O-O $2 16. Nbd2 b5 17. a4 $16) 16. Rexb1 Bg7 $15) 15... b5 16.
a4 $6 (16. Rfe1 $1 Be7 (16... O-O-O $2 17. a4) 17. Bf4 {[%cal Ge1e8]}) 16... c3
$1 (16... Rxa4 17. Rxa4 bxa4 18. Nxc4 {/\Nb6}) 17. bxc3 bxa4 (17... Rxa4 {
Perhaps it was better to swap one pair of rooks; that should've shut down
white's activity and transfer the control to the bishops pair owned by black.}
18. Rfe1 (18. Rxa4 $2 bxa4 19. Ra1 b5 $17) 18... Kd7 $15) 18. Rfe1 Kd8 19. Ng5
Nd6 $2 {A serious mistake.} (19... Nxg5 {It was essential to get rid of the
annoying knight.} 20. Bxg5+ Kc7 $15 {[%cal Ga4a1]}) 20. Bf4 $1 $16 {Now black
loses material by force.} (20. Nc4 $2 Nxc4 $1 21. Nf7+ Kd7 22. Nxh8 Ba3 $17)
20... Be7 21. g4 $1 (21. Rxe7 Kxe7 22. Bxd6+ Kxd6 23. Nf7+ Kd5 24. Nxh8 Rxh8
25. Rxa4 Re8 $44 {With good drawing chances due to the active king.}) 21... Bc8
22. Rxe7 Kxe7 23. Re1+ $2 (23. Bxd6+ Kxd6 24. Nf7+ Ke7 (24... Kd5 {[%tqu "En",
"","","","a1e1","",10]} 25. Re1 $3 $18) 25. Nxh8 Be6 $14) 23... Kd7 $2 (23...
Kf6 $1 24. Bxd6 (24. h4 {/\Be5+} Rd8 25. Bxd6 Rxd6 26. Nge4+ Ke7 27. Nxd6+ Kxd6
28. Nc4+ Kc7 $17 {[%cal Ga4a1]}) 24... Kxg5 25. Nf3+ Kh6 26. g5+ Kg7 (26... Kh5
$4 27. Re4) 27. Be5+ Kg8 28. Bxh8 Kxh8 $17 {[%cal Ga4a1]}) 24. Bxd6 Kxd6 25.
Nf7+ Kc7 26. Nxh8 $18 a3 27. Nf7 a2 28. Ra1 Be6 29. Ng5 {White is a piece up
and should win. Nonetheless, he has substantial difficulties to overcome - the
a2 pawn together with b7 pawn could be a serious threat.} Bd5 30. Kf1 $2 (30.
Nxh7 $1 $18 {Preparing h4-h5 and winning easily.} Ra3 (30... b5 31. Nf6) 31. c4
) 30... Ra3 31. Nge4 b5 {Without a passed pawn, it is difficult to utilize the
piece; black has some chances.} 32. f3 b4 $1 33. cxb4 Kb6 34. Nd6 Kc7 35. N6e4
Kb6 36. Nd6 $2 (36. Ke2 {Was simpler and stronger.} Kb5 37. Kd1 Kxb4 38. Kc2
$18) 36... Kc7 37. Ne8+ Kb6 38. Ke2 Kb5 39. Nc7+ Kxb4 40. Nxd5+ cxd5 41. Nf1 $2
(41. Kd1 Kc3 42. Kc1 g5 $1 {And it is rather unclear how does white win that
position with his terrible passive pieces. Yet it is better than sacrificing
the rook over the a2 pawn.}) 41... Kc3 42. Ne3 Kb2 43. Rxa2+ Rxa2 44. Nxd5 Kb3+
45. Ke3 $2 {White is obviously demoralized after having a piece up yet not
winning the game. Kd3 was, of course, stronger.} (45. Kd3 $1 Rh2 46. Nf4 Rh1 $1
(46... g5 47. Ne6 h6 $2 (47... Rxh3 48. Nxg5 Rh1 $14) 48. d5 Rxh3 $2 49. Nd4+
Kb4 50. d6 $18) 47. d5 Rd1+ 48. Ke4 Kc4 $11) 45... Kc4 $6 (45... Rh2 $1 {
The strongest.} 46. Nf4 Kc4 $11) 46. Nf6 h5 $2 {It is not to black's favor to
exchange the pawns; (and certainly not in that redaction) that way it would be
easier to white to advance them.} (46... h6 $11) 47. gxh5 gxh5 48. Nxh5 Ra3+
49. Kf4 $2 (49. Ke4 Rd3 50. Nf4 Rxd4+ 51. Kf5 $16 {/\h4-h5 Black has to sweat
a lot before finding a draw:} Rd1 52. Ng6 $1 (52. h4 Rf1 $1 53. Kg4 (53. h5
Rxf3 54. h6 Rf1 $11) 53... Kd4 54. h5 Ke5 $11) 52... Kd5 53. h4 Kd6 54. f4 $16)
49... Kxd4 50. h4 (50. Nf6 $142 Ra6 51. Ng4 $14) 50... Kd5 51. Kg4 Ke6 52. f4
Ra1 53. Ng3 1/2-1/2

[Event "Qingdao Daily Cup"]
[Site "Qingdao"]
[Date "1999.10.20"]
[Round "5"]
[White "Peng, Xiaomin"]
[Black "Isaev, Jamshed"]
[Result "1-0"]
[WhiteElo "2574"]
[BlackElo "2411"]
[Annotator "Kundin,A"]
[PlyCount "55"]
[EventDate "1999.10.18"]
[EventType "tourn"]
[EventRounds "9"]
[EventCountry "CHN"]
[EventCategory "10"]
[SourceTitle "CBM 074"]
[Source "ChessBase"]
[SourceDate "2000.02.01"]
[SourceVersion "1"]
[SourceVersionDate "2000.02.01"]
[SourceQuality "1"]

1. e4 c5 2. Nf3 Nc6 3. Bb5 g6 4. O-O Bg7 5. Nc3 e6 6. Bxc6 bxc6 7. d3 (7. e5 f6
8. Re1 Qc7 9. Qe2 $13 {1-0 Ehlvest,J-Gomez Zazarca,R/Oviedo 1991/EXT 97 (36)})
7... Rb8 $6 $146 {Loosing valuable time in the opening - the rook on b8 is
unemployed for now.} (7... d6 8. Qe2 e5 9. Nd2 Ne7 10. Nc4 O-O 11. f4 f6 $13)
8. Qe2 {[%cal Ge4e5]} (8. e5 $5 f6 9. Ne4 fxe5 10. Nd6+ Ke7 11. Bg5+ Bf6 12.
Bxf6+ Nxf6 13. Nxe5 $13) 8... e5 $8 {[%tqu "En","Suggest a plan typical to the
pawn structure:","","","f3d2","",20]} 9. Nd2 $1 {White executes the f4 thrust
with no hesitation.} Ne7 10. Nc4 d6 {In view of the game continuation, perhaps
not the best move.} (10... O-O 11. f4 f6 12. Nd6 $14) (10... d5 $1 11. exd5 (
11. Nd2 O-O $11 {[%cal Gf7f5]}) 11... cxd5 12. Nxe5 O-O $44) 11. f4 Be6 (11...
f6 12. fxe5 fxe5 13. Bg5 $16 {[%csl Ge8]}) 12. fxe5 Bxc4 (12... dxe5 13. Qf2
$16 {[%csl Gc5,Gc6]}) 13. exd6 Qxd6 14. dxc4 Be5 $16 {White has won a pawn,
but black's pieces are getting active.} 15. h3 O-O {[%tqu "En","","","","c1e3",
"By returning the extra pawn white obtaines decisive advantage.",20]} 16. Be3
$1 {By returning the extra pawn white obtaines decisive advantage.} Rxb2 {
Otherwise white is just a pawn up with good position.} 17. Na4 Rb4 18. Rad1 Bd4
19. c3 $1 {The simplest.} (19. Nxc5 Rxc4 $1 (19... Qxc5 20. Rxd4 $18) 20. Rxd4
Rxd4 21. c3 $1 {The rook is traped.} (21. Bxd4 Qxd4+ 22. Qf2 Qxf2+ $11) 21...
Qxc5 22. cxd4 $16) 19... Nd5 $6 {Despair.} (19... Rxa4 20. cxd4 cxd4 21. Bxd4
$40 {[%csl Ga4,Gg8] The absence of the g7 bishop and the awkward rook on a4
guarantee white a strong attack for free.}) 20. cxd5 Bxe3+ 21. Qxe3 Rxa4 22. e5
$18 {The rest is simple. Two strong pawns and the rook on a4 mean certain
defeat for black.} Qc7 23. d6 Qd7 {[%tqu "En","One last strike...","","",
"e5e6","",10]} 24. e6 $1 {[%csl Ga4] The rook on a4 will take no part in the
game till the very end.} fxe6 (24... Qxe6 25. Qxe6 fxe6 26. Rxf8+ Kxf8 27. d7)
25. Rxf8+ Kxf8 26. Qe5 $1 Kg8 27. Rb1 Qc8 28. Qf6 {A very nice game by Peng
Xiaomin.} 1-0

[Event "EU-ch 13th"]
[Site "Plovdiv"]
[Date "2012.03.28"]
[Round "8"]
[White "Nakar, Eylon"]
[Black "Can, Emre"]
[Result "1-0"]
[WhiteElo "2344"]
[BlackElo "2476"]
[Annotator "Let's Check Training"]
[PlyCount "83"]
[EventDate "2012.03.20"]
[EventType "swiss"]
[EventRounds "11"]
[EventCountry "BUL"]
[SourceTitle "CBM 148"]
[Source "ChessBase"]
[SourceDate "2012.05.16"]
[SourceVersion "1"]
[SourceVersionDate "2012.05.16"]
[SourceQuality "1"]

1. e4 c5 2. Nf3 Nc6 3. Bb5 g6 4. Bxc6 bxc6 5. O-O Bg7 6. d3 d6 7. Nbd2 e5 8. a3
f5 9. b4 cxb4 10. axb4 Nf6 11. Bb2 O-O 12. c4 Nh5 13. c5 Nf4 14. cxd6 Qxd6 15.
Nxe5 Bxe5 16. Nc4 Qxd3 17. Nxe5 Qxe4 18. f3 Qe3+ 19. Kh1 Be6 20. Ra3 Qe2 21.
Qxe2 Nxe2 22. Re1 Rfd8 23. Re3 Nf4 24. Nxc6 Rd2 25. Bc3 Rd6 26. b5 Nd5 27. Rd3
Re8 28. Kg1 Rd7 29. Bb2 Nc7 30. Rde3 Bf7 31. Rxe8+ Nxe8 32. Ne5 $6 (32. Ne7+
Kf8 33. Ba3 $16) 32... Rb7 $11 33. Ba3 Nf6 34. Rd1 Rxb5 35. Rd8+ Be8 $2 (35...
Kg7 36. Bf8+ Kg8 $11) {[%tqu "En","","","","e5d7","",10]} 36. Nd7 $1 $18 Rb3
37. Nxf6+ Kf7 38. Bc5 Bb5 39. Nxh7 Rb1+ 40. Kf2 f4 41. Ng5+ Kf6 42. Ne4+ 1-0